| 000 | 00428nam a22001697a 4500 | ||
|---|---|---|---|
| 003 | CEME | ||
| 005 | 20210628210510.0 | ||
| 008 | 210208b xxu||||| |||| 00| 0 eng d | ||
| 040 | _c. | ||
| 082 | _a621.382 THE | ||
| 100 |
_aDegem _979631 |
||
| 245 | _aTheory and modern practice of digital communication digicom | ||
| 260 |
_aUSA _bDEGEM _c1982 |
||
| 300 | _a276P | ||
| 650 |
_aDIGITAL COMMUNICATION _9718 |
||
| 942 |
_cBK _2ddc |
||
| 999 |
_c584655 _d584655 |
||